Music Quiz

Random Music or Numbers Quiz
Score 0/8 Timer 05:00
0 Plays Today
Year (Country) Song name % Correct
1975 (UK)Bohemian Rhapsody
96.6%
1991 (UK) Bohemian Rhapsody
96.6%
1980 (US)Another One Bites the Dust
75.4%
1981 (UK)Under Pressure (with David Bowie)
68.1%
1979 (US)Crazy Little Thing Called Love
60.7%
1991 (UK)Innuendo
60.7%
2000 (UK)We Will Rock You (with Five)
52.5%
1993 (UK)Somebody to Love/These Are the Days of Our Lives
43.9%
Remove Ads.
Support Sporcle.
Get the best of Sporcle when you Go Orange. This ad-free experience offers more features, more stats, and more fun while also helping to support Sporcle. Thank you for becoming a member.

You're not logged in!

Compare scores with friends on all Sporcle quizzes.
OR
Log In

Show Comments

Extras

Created Oct 20, 2010ReportNominate
Tags:Numbers Quiz, Queen, Single

Top Quizzes Today


Score Distribution

Your Account Isn't Verified!

In order to create a playlist on Sporcle, you need to verify the email address you used during registration. Go to your Sporcle Settings to finish the process.

Report this User

Report this user for behavior that violates our Community Guidelines.

Details: